<?xml version="1.0" encoding="UTF-8"?>
<record
    xmlns:xsi="http://www.w3.org/2001/XMLSchema-instance"
    xsi:schemaLocation="http://www.loc.gov/MARC21/slim http://www.loc.gov/standards/marcxml/schema/MARC21slim.xsd"
    xmlns="http://www.loc.gov/MARC21/slim">

  <leader>00454nam a2200157   4500</leader>
  <controlfield tag="001">1587</controlfield>
  <controlfield tag="005">20181127163549.0</controlfield>
  <datafield tag="020" ind1="0" ind2="0">
    <subfield code="a"></subfield>
  </datafield>
  <datafield tag="090" ind1="0" ind2="0">
    <subfield code="a">423 F9821s 1963</subfield>
  </datafield>
  <datafield tag="245" ind1="0" ind2="0">
    <subfield code="a">Funk &amp; Wagnalls standard college dictionary.</subfield>
    <subfield code="b"></subfield>
    <subfield code="c"></subfield>
    <subfield code="h"></subfield>
  </datafield>
  <datafield tag="246" ind1=" " ind2=" ">
    <subfield code="a">Standard college dictionary.</subfield>
    <subfield code="b"></subfield>
    <subfield code="f"></subfield>
    <subfield code="h"></subfield>
    <subfield code="i"></subfield>
    <subfield code="n"></subfield>
    <subfield code="p"></subfield>
  </datafield>
  <datafield tag="250" ind1="0" ind2="0">
    <subfield code="a">Text ed.</subfield>
  </datafield>
  <datafield tag="260" ind1="0" ind2="0">
    <subfield code="a">New York :</subfield>
    <subfield code="b">Harcourt, Brace &amp; World,</subfield>
    <subfield code="c">1963.</subfield>
  </datafield>
  <datafield tag="300" ind1="0" ind2="0">
    <subfield code="a">xxv,1606 p. :</subfield>
    <subfield code="b">ill. ;</subfield>
    <subfield code="c">26 cm.</subfield>
  </datafield>
  <datafield tag="650" ind1="0" ind2="0">
    <subfield code="a">English language --Dictionaries.</subfield>
    <subfield code="x"></subfield>
  </datafield>
  <datafield tag="999" ind1=" " ind2=" ">
    <subfield code="c">1185</subfield>
    <subfield code="d">1185</subfield>
  </datafield>
  <datafield tag="952" ind1=" " ind2=" ">
    <subfield code="0">0</subfield>
    <subfield code="1">0</subfield>
    <subfield code="2">ddc</subfield>
    <subfield code="4">0</subfield>
    <subfield code="7">0</subfield>
    <subfield code="8">MAIN</subfield>
    <subfield code="a">RTCLIB</subfield>
    <subfield code="b">RTCLIB</subfield>
    <subfield code="c">MAIN</subfield>
    <subfield code="d">2021-07-21</subfield>
    <subfield code="h"> </subfield>
    <subfield code="i">4422</subfield>
    <subfield code="o">423 FUN</subfield>
    <subfield code="p">30003540</subfield>
    <subfield code="r">2018-11-27 00:00:00</subfield>
    <subfield code="w">2018-11-27</subfield>
    <subfield code="y">MAIN</subfield>
    <subfield code="z">Missing as per the 2020 inventory</subfield>
  </datafield>
</record>
